[Event "Mittelfranken Mitte-ch 0203"]
[Site "Zirndorf"]
[Date "2002.??.??"]
[Round "6"]
[White "Seitel, Juergen Manfred"]
[Black "Vogiatzis, Joannis"]
[Result "0-1"]
[WhiteElo "1620"]
[BlackElo "1746"]
[PlyCount "136"]
[EventDate "2003.09.20"]
[EventType "swiss"]
[EventRounds "7"]
[EventCountry "GER"]
[SourceTitle "EXT 2015"]
[Source "ChessBase"]
[SourceDate "2014.11.20"]
[SourceVersion "1"]
[SourceVersionDate "2014.11.20"]
[SourceQuality "1"]

1. d4 Nf6 2. Nf3 e6 3. b3 c5 4. e3 b6 5. Bb2 Bb7 6. Be2 Be7 7. 0-0 0-0 8. Ne5 d6 9. Nd3 cxd4 10. exd4 Nbd7 11. Nd2 Rc8 12. Bf3 Qc7 13. Bxb7 Qxb7 14. Nf3 b5 15. Rc1 Nb6 16. Nd2 Rc7 17. f3 Nfd5 18. Re1 Bg5 19. c3 Rfc8 20. Ne4 Bxc1 21. Nxd6 Qc6 22. Nxc8 Be3+ 23. Rxe3 Nxe3 24. Qe2 Rxc8 25. Nb4 Qd7 26. Qxe3 Nd5 27. Nxd5 exd5 28. Kf2 Re8 29. Qd3 Qe6 30. Qd2 Qe7 31. g3 Qe6 32. Ba3 Qh3 33. Kg1 Qf5 34. Kg2 Qb1 35. Bc1 h6 36. Kf2 Rc8 37. b4 Qf5 38. Bb2 Re8 39. a3 Re6 40. Kg2 Rf6 41. Qe2 a6 42. Bc1 Qc8 43. Bd2 Re6 44. Qf1 Qc4 45. Qxc4 bxc4 46. Kf2 Kf8 47. a4 Ke8 48. Bc1 Kd7 49. Ba3 Kc7 50. h3 Kd7 51. Bc1 Kc6 52. Bf4 g5 53. Be5 f6 54. b5+ axb5 55. axb5+ Kb7 56. f4 fxe5 57. fxe5 Kc7 58. Kf3 Kd7 59. Kg4 Ke7 60. Kf5 Kf7 61. h4 gxh4 62. gxh4 Rg6 63. Kf4 Ke6 64. b6 Rg7 65. b7 Rxb7 66. Kg4 Rb3 67. Kh5 Rxc3 68. Kxh6 Rh3 0-1